| 000 | 00933nam a2200265 a 4500 | ||
|---|---|---|---|
| 001 | 000025927 | ||
| 003 | DO-SdBNP | ||
| 005 | 20250129073605.0 | ||
| 007 | ta | ||
| 008 | 110224s1974 dr 000 0 spa d | ||
| 040 |
_aDO-SdBNP _bspa _cBNPHU |
||
| 082 | 4 |
_a972.9304 _bB174p _222 |
|
| 100 | 1 |
_aBalcácer, Juan Daniel, _d1949- _96566 |
|
| 245 | 1 | 0 |
_aPedro Santana : _bhistoria política de un déspota / _cJuan Daniel Balcácer ; prólogo J. I. Jiménes-Grullón. |
| 260 |
_aSanto Domingo : _bTaller, _c1974. |
||
| 300 |
_a195 p. ; _c21 cm. |
||
| 500 | _aIncluye referencias bibliográfica y notas al pie de la páginas | ||
| 504 | 1 | _aBiografía : p. 192-195 | |
| 590 | _aInventariado, 2022/MFF | ||
| 600 | 0 |
_aSantana, Pedro. _d1801-1864 _96546 |
|
| 651 | 0 |
_aRepública Dominicana -- _xHistoria -- _y1844-1930 _91009 |
|
| 700 | 1 |
_aJiménes Grullón, J. I. _952789 |
|
| 910 | _aValidado. Control de calidad MFF | ||
| 942 |
_2ddc _cLBS1 |
||
| 999 |
_c25419 _d25419 |
||